| 000 | 00802cam a22002773a 4500 | ||
|---|---|---|---|
| 001 | 6406 | ||
| 003 | PGUSA | ||
| 005 | 20140828083132.0 | ||
| 008 | 040901s2004||||xxu|||||s|||||000 1 eng d | ||
| 040 |
_aPGUSA _beng |
||
| 042 | _adc | ||
| 050 | 4 | _aPR | |
| 100 | 1 |
_aScott, Walter, _d1771-1832 |
|
| 245 | 1 | 4 |
_aThe Monastery _h[electronic resource] / _cWalter Scott |
| 260 |
_bProject Gutenberg, _c2004 |
||
| 506 | _aPublic domain in the USA. | ||
| 516 | _aElectronic text | ||
| 653 | _aScotland -- History -- 16th century -- Fiction | ||
| 653 | _aReformation -- Fiction | ||
| 653 | _aMonks -- Fiction | ||
| 653 | _aMonastic and religious life -- Fiction | ||
| 653 | _aHistorical fiction | ||
| 830 | 0 |
_aProject Gutenberg _v6406 |
|
| 856 | 4 | 0 | _uhttp://www.gutenberg.org/ebooks/6406 |
| 942 | _cEB | ||
| 999 |
_c235729 _d235729 |
||